Le Labyrinthe - Personnages par images - Statistiques

Statistiques générales
  • Ce quiz a été pris 16 fois
  • Le résultat moyen est 9 sur 21
Statistiques - réponses
Par images Réponse % Correct
Thomas
100%
Newt
92%
Minho
85%
Chuck
77%
Gally
77%
Teresa
69%
Alby
62%
Ava Paige
54%
Ben
46%
Brenda
38%
Jorge
38%
Frypan
31%
Winston
31%
Aris
23%
Jeff
23%
Clint
15%
Harriet
15%
Janson
15%
Sonya
15%
Vince
15%
Zart
15%
Aucun quiz correspondant
Distribution des résultats
% des personnes avec chaque résultat
Percentile par nombre de réponses
Votre historique - résultats
Vous n’avez pas pris ce quiz